[Event "Campeonato de España Rapid 2017"]
[Site "Linares"]
[Date "2017.08.13"]
[Round "7"]
[White "Blanco Acevedo, Cristobal Jose"]
[Black "Garcia Martinez, Marcos"]
[Result "1-0"]
[Board "27"]
[WhiteTitle "IM"]
[WhiteElo "2297"]
[WhiteCountry "VEN"]
[WhiteFideId "3900525"]
[WhiteEloChange "3"]
[BlackElo "2005"]
[BlackCountry "ESP"]
[BlackFideId "22245073"]
[BlackEloChange "-3"]

1. d4 {[%clk 0:15:09]} e6 {[%clk 0:15:08]} 2. c4 {[%clk 0:15:09]} Bb4+ {[%clk
0:15:11]} 3. Nd2 {[%clk 0:15:12]} Nf6 {[%clk 0:15:14]} 4. a3 {[%clk 0:15:15]}
Bxd2+ {[%clk 0:15:15]} 5. Qxd2 {[%clk 0:15:17]} a5 {[%clk 0:15:16]} 6. b3 {[%clk
0:15:01]} d6 {[%clk 0:15:16]} 7. Bb2 {[%clk 0:15:00]} O-O {[%clk 0:14:58]} 8. Nf3
{[%clk 0:14:51]} Ne4 {[%clk 0:14:38]} 9. Qc2 {[%clk 0:14:51]} f5 {[%clk 0:14:41]}
10. e3 {[%clk 0:14:32]} Nd7 {[%clk 0:14:25]} 11. Bd3 {[%clk 0:14:31]} Ndf6 {[%clk
0:14:28]} 12. O-O-O {[%clk 0:14:15]} Qe7 {[%clk 0:13:07]} 13. h3 {[%clk 0:14:17]}
c5 {[%clk 0:12:29]} 14. g4 {[%clk 0:13:18]} cxd4 {[%clk 0:12:12]} 15. exd4 {[%clk
0:13:04]} d5 {[%clk 0:12:05]} 16. Ne5 {[%clk 0:12:44]} a4 {[%clk 0:10:46]} 17. b4
{[%clk 0:12:08]} dxc4 {[%clk 0:08:07]} 18. Bxc4 {[%clk 0:12:11]} Nd6 {[%clk
0:08:11]} 19. Ba2 {[%clk 0:12:12]} Nd5 {[%clk 0:07:11]} 20. Kb1 {[%clk 0:11:57]}
Bd7 {[%clk 0:06:44]} 21. gxf5 {[%clk 0:09:54]} Rac8 {[%clk 0:06:30]} 22. Qe2
{[%clk 0:08:33]} Rxf5 {[%clk 0:05:54]} 23. Nxd7 {[%clk 0:07:34]} Qxd7 {[%clk
0:05:48]} 24. Rde1 {[%clk 0:07:19]} Nb5 {[%clk 0:05:06]} 25. Ka1 {[%clk 0:06:45]}
Nf4 {[%clk 0:03:48]} 26. Qe4 {[%clk 0:06:13]} Nd6 {[%clk 0:02:36]} 27. Qb1 {[%clk
0:05:52]} Nd5 {[%clk 0:02:17]} 28. Re2 {[%clk 0:04:47]} Nc4 {[%clk 0:02:05]} 29.
Rhe1 {[%clk 0:04:32]} Nf4 {[%clk 0:01:07]} 30. Rxe6 {[%clk 0:03:57]} Rf7 {[%clk
0:00:48]} 31. Qc2 {[%clk 0:02:02]} Nxe6 {[%clk 0:00:40]} 32. Bxc4 {[%clk
0:02:04]} Qc6 {[%clk 0:00:44]} 33. Rc1 {[%clk 0:00:23]} b5 {[%clk 0:00:25]} 34.
d5 {[%clk 0:00:27]} Qxc4 {[%clk 0:00:27]} 35. Qd2 {[%clk 0:00:32]} Qxc1+ {[%clk
0:00:21]} 36. Bxc1 {[%clk 0:00:34]} Nf8 {[%clk 0:00:17]} 37. Bb2 {[%clk 0:00:33]}
Rd8 {[%clk 0:00:17]} 38. d6 {[%clk 0:00:33]} Rfd7 {[%clk 0:00:20]} 39. Qd5+
{[%clk 0:00:35]} Kh8 {[%clk 0:00:23]} 40. Be5 {[%clk 0:00:28]} Ng6 {[%clk
0:00:27]} 41. Bg3 {[%clk 0:00:32]} Ne7 {[%clk 0:00:25]} 42. Qxb5 {[%clk 0:00:22]}
Nc8 {[%clk 0:00:29]} 43. Qxa4 {[%clk 0:00:17]} Nxd6 {[%clk 0:00:19]} 44. Bh4
{[%clk 0:00:14]} 1-0

[Event "Campeonato de España Rapid 2017"]
[Site "Linares"]
[Date "2017.08.13"]
[Round "7"]
[White "Ortega Ruiz, Jose Miguel"]
[Black "Abal Cores, Lucas"]
[Result "1-0"]
[Board "28"]
[WhiteTitle "FM"]
[WhiteElo "2447"]
[WhiteCountry "ESP"]
[WhiteFideId "2209713"]
[WhiteEloChange "2"]
[BlackTitle "FM"]
[BlackElo "2168"]
[BlackCountry "ESP"]
[BlackFideId "22217975"]
[BlackEloChange "-3"]

1. d4 {[%clk 0:15:05]} Nf6 {[%clk 0:15:05]} 2. c4 {[%clk 0:15:05]} e6 {[%clk
0:15:05]} 3. Nf3 {[%clk 0:15:05]} b6 {[%clk 0:15:05]} 4. g3 {[%clk 0:15:05]} Bb7
{[%clk 0:15:05]} 5. Bg2 {[%clk 0:15:05]} Be7 {[%clk 0:15:05]} 6. O-O {[%clk
0:15:05]} O-O {[%clk 0:15:05]} 7. Nc3 {[%clk 0:15:05]} d6 {[%clk 0:15:05]} 8. b3
{[%clk 0:15:05]} Nbd7 {[%clk 0:15:00]} 9. Bb2 {[%clk 0:15:05]} c5 {[%clk
0:15:00]} 10. d5 {[%clk 0:14:40]} e5 {[%clk 0:15:00]} 11. e4 {[%clk 0:14:40]} Ne8
{[%clk 0:14:55]} 12. Nd2 {[%clk 0:14:35]} a6 {[%clk 0:14:40]} 13. f4 {[%clk
0:14:35]} Bf6 {[%clk 0:14:25]} 14. Nf3 {[%clk 0:14:19]} Qe7 {[%clk 0:14:20]} 15.
f5 {[%clk 0:14:14]} Nc7 {[%clk 0:13:52]} 16. a4 {[%clk 0:14:14]} Qd8 {[%clk
0:10:59]} 17. Qe2 {[%clk 0:13:49]} Re8 {[%clk 0:10:34]} 18. h4 {[%clk 0:13:49]}
b5 {[%clk 0:09:29]} 19. axb5 {[%clk 0:13:49]} axb5 {[%clk 0:09:29]} 20. cxb5
{[%clk 0:13:44]} Nb6 {[%clk 0:09:14]} 21. Nd2 {[%clk 0:13:29]} Qb8 {[%clk
0:07:38]} 22. Nc4 {[%clk 0:13:24]} Rxa1 {[%clk 0:07:38]} 23. Rxa1 {[%clk
0:13:19]} Nca8 {[%clk 0:07:38]} 24. Na5 {[%clk 0:13:04]} g6 {[%clk 0:07:13]} 25.
Nc6 {[%clk 0:12:59]} Qc8 {[%clk 0:07:08]} 26. Bh3 {[%clk 0:12:54]} Nc7 {[%clk
0:06:43]} 27. Kh2 {[%clk 0:12:49]} Bxc6 {[%clk 0:06:08]} 28. dxc6 {[%clk
0:12:49]} Qd8 {[%clk 0:05:33]} 29. Rd1 {[%clk 0:11:44]} Kh8 {[%clk 0:05:07]} 30.
Na4 {[%clk 0:11:19]} Nca8 {[%clk 0:04:53]} 31. Nxc5 {[%clk 0:11:19]} Rg8 {[%clk
0:04:48]} 32. Nb7 {[%clk 0:11:19]} Qe7 {[%clk 0:04:33]} 33. fxg6 {[%clk 0:11:03]}
Rxg6 {[%clk 0:04:28]} 34. Nxd6 {[%clk 0:10:28]} Nc7 {[%clk 0:02:42]} 35. Qe3
{[%clk 0:10:13]} Nbd5 {[%clk 0:02:16]} 36. exd5 {[%clk 0:10:13]} Qxd6 {[%clk
0:02:16]} 37. b6 {[%clk 0:09:49]} Nb5 {[%clk 0:01:30]} 38. c7 {[%clk 0:09:49]}
Nxc7 {[%clk 0:01:30]} 39. bxc7 {[%clk 0:09:49]} Qxc7 {[%clk 0:01:30]} 40. d6
{[%clk 0:09:44]} Qd8 {[%clk 0:01:05]} 41. d7 {[%clk 0:09:44]} Kg7 {[%clk
0:01:00]} 42. Bxe5 {[%clk 0:09:44]} Bxe5 {[%clk 0:00:12]} 43. Qxe5+ {[%clk
0:09:44]} f6 {[%clk 0:00:12]} 44. Qe8 {[%clk 0:09:44]} Qb6 45. Qe7+ {[%clk
0:09:44]} Kh6 46. Qe2 {[%clk 0:08:59]} Qxb3 47. Rd3 {[%clk 0:08:55]} 1-0

[Event "Campeonato de España Rapid 2017"]
[Site "Linares"]
[Date "2017.08.13"]
[Round "7"]
[White "Perera Borrego, Maria Adela"]
[Black "Matnadze, Ana"]
[Result "0-1"]
[Board "29"]
[WhiteTitle "WFM"]
[WhiteElo "2167"]
[WhiteCountry "ESP"]
[WhiteFideId "22238255"]
[WhiteEloChange "-4"]
[BlackTitle "IM"]
[BlackElo "2436"]
[BlackCountry "ESP"]
[BlackFideId "13601377"]
[BlackEloChange "2"]

1. d4 {[%clk 0:15:08]} Nf6 {[%clk 0:15:08]} 2. c4 {[%clk 0:15:11]} e6 {[%clk
0:15:10]} 3. Nc3 {[%clk 0:15:13]} d5 {[%clk 0:15:13]} 4. cxd5 {[%clk 0:15:14]}
exd5 {[%clk 0:15:17]} 5. Bg5 {[%clk 0:15:16]} c6 {[%clk 0:15:21]} 6. e3 {[%clk
0:15:19]} Be7 {[%clk 0:15:23]} 7. Bd3 {[%clk 0:15:11]} Nbd7 {[%clk 0:15:26]} 8.
Nge2 {[%clk 0:15:10]} Nf8 {[%clk 0:15:27]} 9. O-O {[%clk 0:14:58]} Ne6 {[%clk
0:15:29]} 10. Bh4 {[%clk 0:14:56]} g6 {[%clk 0:15:31]} 11. f3 {[%clk 0:14:01]}
Ng7 {[%clk 0:15:26]} 12. Bf2 {[%clk 0:14:03]} O-O {[%clk 0:15:18]} 13. Kh1 {[%clk
0:13:53]} b6 {[%clk 0:14:52]} 14. Rc1 {[%clk 0:13:42]} c5 {[%clk 0:14:55]} 15.
Bb1 {[%clk 0:12:55]} Bb7 {[%clk 0:14:50]} 16. Re1 {[%clk 0:11:56]} Qd7 {[%clk
0:14:50]} 17. Nf4 {[%clk 0:11:24]} Rad8 {[%clk 0:14:41]} 18. Nd3 {[%clk 0:10:39]}
Qe6 {[%clk 0:13:48]} 19. dxc5 {[%clk 0:08:56]} bxc5 {[%clk 0:13:52]} 20. Ne2
{[%clk 0:08:55]} Qb6 {[%clk 0:13:38]} 21. Qc2 {[%clk 0:07:40]} Rc8 {[%clk
0:13:26]} 22. Ndf4 {[%clk 0:07:12]} Rfe8 {[%clk 0:12:42]} 23. Red1 {[%clk
0:07:14]} Red8 {[%clk 0:12:20]} 24. Nc3 {[%clk 0:06:57]} Ne6 {[%clk 0:11:48]} 25.
Nd3 {[%clk 0:06:44]} d4 {[%clk 0:10:30]} 26. Na4 {[%clk 0:06:34]} Qb5 {[%clk
0:10:32]} 27. b3 {[%clk 0:05:49]} dxe3 {[%clk 0:09:09]} 28. Bxe3 {[%clk 0:05:51]}
Nd5 {[%clk 0:09:05]} 29. Nc3 {[%clk 0:03:58]} Nxe3 {[%clk 0:08:35]} 30. Nxb5
{[%clk 0:04:01]} Nxc2 {[%clk 0:08:38]} 31. Bxc2 {[%clk 0:03:59]} Bg5 {[%clk
0:08:13]} 32. Rb1 {[%clk 0:02:09]} Nd4 {[%clk 0:08:17]} 33. Ne1 {[%clk 0:01:58]}
Nxb5 {[%clk 0:08:15]} 0-1

[Event "Campeonato de España Rapid 2017"]
[Site "Linares"]
[Date "2017.08.13"]
[Round "7"]
[White "Buendia Pinar, Alvaro"]
[Black "Tejedor Fuente, Enrique"]
[Result "0-1"]
[Board "30"]
[WhiteTitle "FM"]
[WhiteElo "2114"]
[WhiteCountry "ESP"]
[WhiteFideId "2281937"]
[WhiteEloChange "-5"]
[BlackTitle "FM"]
[BlackElo "2313"]
[BlackCountry "ESP"]
[BlackFideId "2299100"]
[BlackEloChange "5"]

1. d4 {[%clk 0:15:08]} Nf6 {[%clk 0:14:42]} 2. c4 {[%clk 0:15:10]} e6 {[%clk
0:14:46]} 3. Nc3 {[%clk 0:15:11]} Bb4 {[%clk 0:14:48]} 4. e3 {[%clk 0:15:14]} b6
{[%clk 0:14:38]} 5. Bd3 {[%clk 0:15:11]} Bb7 {[%clk 0:14:30]} 6. f3 {[%clk
0:15:11]} d5 {[%clk 0:13:48]} 7. Ne2 {[%clk 0:15:11]} O-O {[%clk 0:13:43]} 8. O-O
{[%clk 0:15:13]} c5 {[%clk 0:13:39]} 9. a3 {[%clk 0:14:58]} cxd4 {[%clk 0:12:55]}
10. exd4 {[%clk 0:14:27]} dxc4 {[%clk 0:12:42]} 11. Bxc4 {[%clk 0:13:54]} Be7
{[%clk 0:12:15]} 12. Be3 {[%clk 0:13:48]} Nc6 {[%clk 0:12:14]} 13. b4 {[%clk
0:12:22]} Rc8 {[%clk 0:11:43]} 14. Qb3 {[%clk 0:12:14]} Qc7 {[%clk 0:11:05]} 15.
Bf4 {[%clk 0:10:55]} Nxd4 {[%clk 0:09:34]} 16. Bxc7 {[%clk 0:09:13]} Nxb3 {[%clk
0:09:38]} 17. Bxb3 {[%clk 0:08:47]} Rxc7 {[%clk 0:09:42]} 18. Nb5 {[%clk
0:07:38]} Rd7 {[%clk 0:09:46]} 19. Rfd1 {[%clk 0:07:16]} Rfd8 {[%clk 0:09:24]}
20. Nxa7 {[%clk 0:06:28]} Bxf3 {[%clk 0:09:04]} 21. gxf3 {[%clk 0:05:38]} Rxa7
{[%clk 0:09:08]} 22. Rxd8+ {[%clk 0:05:41]} Bxd8 {[%clk 0:09:12]} 23. a4 {[%clk
0:05:32]} Be7 {[%clk 0:08:59]} 24. b5 {[%clk 0:05:15]} Kf8 {[%clk 0:08:44]} 25.
Kg2 {[%clk 0:05:19]} Bc5 {[%clk 0:08:42]} 26. Rd1 {[%clk 0:04:38]} Ke7 {[%clk
0:08:39]} 27. Nc3 {[%clk 0:04:26]} Nh5 {[%clk 0:08:20]} 28. Ne4 {[%clk 0:04:17]}
Nf4+ {[%clk 0:07:17]} 29. Kf1 {[%clk 0:04:21]} Ba3 {[%clk 0:07:02]} 30. Ra1
{[%clk 0:03:54]} Bb4 {[%clk 0:06:20]} 31. Rb1 {[%clk 0:03:27]} Rc7 {[%clk
0:06:23]} 32. Kf2 {[%clk 0:02:18]} Bc5+ {[%clk 0:06:16]} 33. Nxc5 {[%clk
0:02:12]} Rxc5 {[%clk 0:06:20]} 34. Ke3 {[%clk 0:02:10]} g5 {[%clk 0:06:10]} 35.
Bd1 {[%clk 0:01:45]} Nd5+ {[%clk 0:06:01]} 36. Kf2 {[%clk 0:01:48]} Nc3 {[%clk
0:06:04]} 37. Ra1 {[%clk 0:01:52]} Rc4 {[%clk 0:05:52]} 38. Ke1 {[%clk 0:01:34]}
Rd4 {[%clk 0:05:33]} 39. Bc2 {[%clk 0:01:14]} h5 {[%clk 0:05:08]} 40. Ra3 {[%clk
0:01:14]} Nd5 {[%clk 0:05:03]} 41. Be4 {[%clk 0:01:08]} Nf4 {[%clk 0:04:41]} 42.
a5 {[%clk 0:00:55]} bxa5 {[%clk 0:04:34]} 43. Rxa5 {[%clk 0:00:48]} f5 {[%clk
0:04:17]} 44. Bc6 {[%clk 0:00:50]} Nd3+ {[%clk 0:03:54]} 45. Ke2 {[%clk 0:00:48]}
Ne5 {[%clk 0:03:58]} 46. Ra7+ {[%clk 0:00:44]} Kf6 {[%clk 0:03:29]} 47. Be8
{[%clk 0:00:18]} Rb4 {[%clk 0:02:03]} 48. Rb7 {[%clk 0:00:15]} h4 {[%clk
0:01:59]} 49. Rb8 {[%clk 0:00:15]} Rb2+ {[%clk 0:01:51]} 50. Kd1 {[%clk 0:00:16]}
Nc4 {[%clk 0:01:37]} 51. Ra8 {[%clk 0:00:08]} Rxh2 {[%clk 0:01:29]} 52. Ra7
{[%clk 0:00:08]} h3 {[%clk 0:01:22]} 53. Rc7 {[%clk 0:00:10]} Rd2+ {[%clk
0:01:11]} 54. Ke1 {[%clk 0:00:14]} h2 {[%clk 0:01:05]} 55. Rh7 {[%clk 0:00:18]}
Rg2 {[%clk 0:01:03]} 56. b6 {[%clk 0:00:09]} Nxb6 {[%clk 0:01:01]} 0-1

[Event "Campeonato de España Rapid 2017"]
[Site "Linares"]
[Date "2017.08.13"]
[Round "7"]
[White "Gonzalez Laso, Adrian"]
[Black "Sos Andreu, Eric"]
[Result "1/2-1/2"]
[Board "31"]
[WhiteElo "2099"]
[WhiteCountry "ESP"]
[WhiteFideId "22223860"]
[WhiteEloChange "5"]
[BlackTitle "IM"]
[BlackElo "2310"]
[BlackCountry "ESP"]
[BlackFideId "22247017"]
[BlackEloChange "-5"]

1. e4 {[%clk 0:15:05]} c5 {[%clk 0:15:05]} 2. Nc3 {[%clk 0:15:05]} Nc6 {[%clk
0:15:05]} 3. g3 {[%clk 0:15:05]} g6 {[%clk 0:15:05]} 4. Bg2 {[%clk 0:15:05]} Bg7
{[%clk 0:15:05]} 5. d3 {[%clk 0:15:05]} d6 {[%clk 0:15:05]} 6. Be3 {[%clk
0:15:05]} Nf6 {[%clk 0:15:05]} 7. h3 {[%clk 0:15:05]} O-O {[%clk 0:15:05]} 8. Qd2
{[%clk 0:15:05]} Nd4 {[%clk 0:15:05]} 9. Nd1 {[%clk 0:14:40]} e5 {[%clk 0:15:00]}
10. c3 {[%clk 0:14:40]} Ne6 {[%clk 0:15:00]} 11. Bh6 {[%clk 0:14:40]} d5 {[%clk
0:14:55]} 12. Bxg7 {[%clk 0:14:35]} Kxg7 {[%clk 0:14:55]} 13. exd5 {[%clk
0:14:35]} Nxd5 {[%clk 0:14:55]} 14. Ne3 {[%clk 0:14:30]} Ndc7 {[%clk 0:14:50]}
15. Ne2 {[%clk 0:14:24]} Rb8 {[%clk 0:14:45]} 16. O-O {[%clk 0:13:49]} b6 {[%clk
0:14:41]} 17. Rad1 {[%clk 0:13:12]} Bb7 {[%clk 0:14:41]} 18. Bxb7 {[%clk
0:13:12]} Rxb7 {[%clk 0:14:26]} 19. h4 {[%clk 0:11:17]} h5 {[%clk 0:14:01]} 20.
Nc4 {[%clk 0:10:32]} f6 {[%clk 0:13:46]} 21. d4 {[%clk 0:09:47]} exd4 {[%clk
0:13:01]} 22. cxd4 {[%clk 0:09:42]} cxd4 {[%clk 0:11:46]} 23. Nxd4 {[%clk
0:09:37]} Nxd4 {[%clk 0:11:46]} 24. Qxd4 {[%clk 0:09:37]} Qxd4 {[%clk 0:11:46]}
25. Rxd4 {[%clk 0:09:32]} Ne6 {[%clk 0:11:46]} 26. Rd6 {[%clk 0:09:32]} Nc5
{[%clk 0:11:41]} 27. Re1 {[%clk 0:08:56]} Rc7 {[%clk 0:11:26]} 28. b3 {[%clk
0:08:41]} Rff7 {[%clk 0:11:26]} 29. Kg2 {[%clk 0:08:36]} Rfe7 {[%clk 0:11:26]}
30. Rxe7+ {[%clk 0:08:11]} Rxe7 {[%clk 0:11:26]} 31. Kf3 {[%clk 0:08:11]} Kf7
{[%clk 0:10:51]} 32. Rd8 {[%clk 0:07:55]} g5 {[%clk 0:09:36]} 33. hxg5 {[%clk
0:07:20]} fxg5 {[%clk 0:09:36]} 34. Rh8 {[%clk 0:06:05]} Kg6 {[%clk 0:09:21]} 35.
Rg8+ {[%clk 0:05:30]} Kf6 {[%clk 0:09:16]} 36. Ne3 {[%clk 0:04:54]} Rf7 {[%clk
0:09:11]} 37. Ke2 {[%clk 0:04:29]} Ne4 {[%clk 0:09:06]} 38. Rc8 {[%clk 0:02:54]}
Kg7 {[%clk 0:08:21]} 39. Nd1 {[%clk 0:02:19]} h4 {[%clk 0:07:52]} 40. gxh4 {[%clk
0:02:19]} gxh4 {[%clk 0:07:52]} 41. Rc4 {[%clk 0:01:44]} Re7 {[%clk 0:07:52]} 42.
Ne3 {[%clk 0:01:40]} Kg6 {[%clk 0:07:47]} 43. Rc6+ {[%clk 0:01:15]} Kh5 {[%clk
0:07:42]} 44. Rc8 {[%clk 0:00:50]} Nf6 {[%clk 0:07:16]} 45. Kf3 {[%clk 0:00:45]}
Kg5 {[%clk 0:07:16]} 46. Rh8 {[%clk 0:00:30]} Rh7 {[%clk 0:07:16]} 47. Rxh7 Nxh7
{[%clk 0:07:16]} 48. Nc4 Nf6 {[%clk 0:06:52]} 49. Ne5 Kf5 {[%clk 0:06:47]} 50.
Nc6 a5 {[%clk 0:06:42]} 51. Ne7+ Ke6 {[%clk 0:06:18]} 52. Ng6 h3 {[%clk 0:06:18]}
53. Nf4+ Ke5 {[%clk 0:06:18]} 54. Nxh3 Kd4 {[%clk 0:06:18]} 55. Kf4 Nd5+ {[%clk
0:06:05]} 56. Kf5 Nc3 {[%clk 0:06:05]} 57. a4 Ne4 {[%clk 0:06:05]} 58. Ke6 Kc3
{[%clk 0:04:37]} 59. Kd5 Nf6+ {[%clk 0:04:32]} 60. Kc6 Kxb3 {[%clk 0:04:32]} 61.
Kb5 Nd5 {[%clk 0:04:32]} 62. f4 Nc3+ {[%clk 0:04:32]} 63. Kxb6 Kxa4 {[%clk
0:04:32]} 64. f5 Kb4 {[%clk 0:04:32]} 65. Nf4 Ne4 {[%clk 0:04:32]} 66. Nd3+ Kc4
{[%clk 0:04:17]} 67. Kxa5 1/2-1/2

[Event "Campeonato de España Rapid 2017"]
[Site "Linares"]
[Date "2017.08.13"]
[Round "8"]
[White "Volkov, Sergey"]
[Black "Anton Guijarro, David"]
[Result "0-1"]
[Board "1"]
[WhiteTitle "GM"]
[WhiteElo "2592"]
[WhiteCountry "RUS"]
[WhiteFideId "4122763"]
[WhiteEloChange "-3"]
[BlackTitle "GM"]
[BlackElo "2715"]
[BlackCountry "ESP"]
[BlackFideId "2285525"]
[BlackEloChange "3"]

1. d4 {[%clk 0:15:08]} Nf6 {[%clk 0:15:07]} 2. c4 {[%clk 0:15:11]} e6 {[%clk
0:15:10]} 3. Nc3 {[%clk 0:15:13]} Bb4 {[%clk 0:15:12]} 4. f3 {[%clk 0:15:14]} O-O
{[%clk 0:15:03]} 5. a3 {[%clk 0:15:16]} Bxc3+ {[%clk 0:15:05]} 6. bxc3 {[%clk
0:15:18]} d5 {[%clk 0:14:29]} 7. cxd5 {[%clk 0:15:17]} exd5 {[%clk 0:14:32]} 8.
e3 {[%clk 0:15:16]} c5 {[%clk 0:14:36]} 9. Bd3 {[%clk 0:15:00]} b6 {[%clk
0:14:40]} 10. Ne2 {[%clk 0:15:17]} Ba6 {[%clk 0:14:43]} 11. O-O {[%clk 0:15:16]}
Bxd3 {[%clk 0:14:11]} 12. Qxd3 {[%clk 0:15:18]} Re8 {[%clk 0:13:49]} 13. Ng3
{[%clk 0:15:11]} Nc6 {[%clk 0:13:51]} 14. Ra2 {[%clk 0:15:11]} Qd7 {[%clk
0:13:03]} 15. Re2 {[%clk 0:15:10]} Rad8 {[%clk 0:13:06]} 16. Rd1 {[%clk 0:14:37]}
h5 {[%clk 0:12:54]} 17. Bb2 {[%clk 0:13:52]} g6 {[%clk 0:11:41]} 18. e4 {[%clk
0:13:25]} cxd4 {[%clk 0:11:04]} 19. cxd4 {[%clk 0:13:23]} h4 {[%clk 0:11:02]} 20.
Nf1 {[%clk 0:12:48]} h3 {[%clk 0:09:51]} 21. e5 {[%clk 0:12:15]} Nh5 {[%clk
0:08:00]} 22. g3 {[%clk 0:12:14]} Rc8 {[%clk 0:07:53]} 23. f4 {[%clk 0:11:16]}
Na5 {[%clk 0:05:26]} 24. Qf3 {[%clk 0:10:54]} Nc4 {[%clk 0:05:22]} 25. Bc1 {[%clk
0:10:50]} f5 {[%clk 0:05:11]} 26. Ne3 {[%clk 0:07:56]} Nxe3 {[%clk 0:05:11]} 27.
Rxe3 {[%clk 0:07:34]} Rc2 {[%clk 0:04:27]} 28. Bd2 {[%clk 0:06:17]} Rec8 {[%clk
0:03:42]} 29. e6 {[%clk 0:04:23]} Qe7 {[%clk 0:03:46]} 30. Qxd5 {[%clk 0:02:43]}
Nf6 {[%clk 0:02:41]} 31. Qb3 {[%clk 0:01:52]} Kh7 {[%clk 0:02:10]} 32. Rd3 {[%clk
0:00:42]} R8c4 {[%clk 0:01:36]} 33. d5 {[%clk 0:00:12]} Ng4 {[%clk 0:01:14]} 34.
Re1 {[%clk 0:00:02]} 0-1

[Event "Campeonato de España Rapid 2017"]
[Site "Linares"]
[Date "2017.08.13"]
[Round "8"]
[White "Larino Nieto, David"]
[Black "Iturrizaga Bonelli, Eduardo"]
[Result "1/2-1/2"]
[Board "3"]
[WhiteTitle "GM"]
[WhiteElo "2509"]
[WhiteCountry "ESP"]
[WhiteFideId "2256444"]
[WhiteEloChange "2"]
[BlackTitle "GM"]
[BlackElo "2647"]
[BlackCountry "VEN"]
[BlackFideId "3901211"]
[BlackEloChange "-2"]

1. b3 {[%clk 0:15:08]} d5 {[%clk 0:15:00]} 2. Bb2 {[%clk 0:15:09]} Nd7 {[%clk
0:15:03]} 3. Nf3 {[%clk 0:15:08]} Ngf6 {[%clk 0:15:05]} 4. c4 {[%clk 0:15:02]} e6
{[%clk 0:15:08]} 5. g3 {[%clk 0:15:05]} g6 {[%clk 0:15:07]} 6. Bg2 {[%clk
0:15:03]} Bg7 {[%clk 0:15:11]} 7. O-O {[%clk 0:15:06]} O-O {[%clk 0:15:15]} 8. d3
{[%clk 0:15:06]} b6 {[%clk 0:15:16]} 9. Nbd2 {[%clk 0:14:59]} Bb7 {[%clk
0:15:19]} 10. Qc2 {[%clk 0:15:03]} c5 {[%clk 0:15:20]} 11. e4 {[%clk 0:14:36]} d4
{[%clk 0:15:12]} 12. b4 {[%clk 0:14:11]} Qc7 {[%clk 0:14:51]} 13. bxc5 {[%clk
0:14:03]} bxc5 {[%clk 0:14:54]} 14. Rab1 {[%clk 0:13:59]} Nb6 {[%clk 0:13:33]}
15. Ba3 {[%clk 0:13:53]} Nfd7 {[%clk 0:13:32]} 16. Kh1 {[%clk 0:13:10]} Bc6
{[%clk 0:13:28]} 17. Ng1 {[%clk 0:13:04]} Na4 {[%clk 0:09:03]} 18. Ne2 {[%clk
0:13:14]} e5 {[%clk 0:05:23]} 19. f4 {[%clk 0:12:35]} Rab8 {[%clk 0:05:12]} 20.
Nb3 {[%clk 0:12:20]} f6 {[%clk 0:04:45]} 21. f5 {[%clk 0:12:16]} Bh6 {[%clk
0:04:36]} 22. Bc1 {[%clk 0:12:12]} Bxc1 {[%clk 0:04:29]} 23. Qxc1 {[%clk
0:12:16]} Kg7 {[%clk 0:04:33]} 24. g4 {[%clk 0:12:11]} g5 {[%clk 0:04:18]} 25.
Qa3 {[%clk 0:11:50]} Rb6 {[%clk 0:03:42]} 26. h4 {[%clk 0:11:17]} h6 {[%clk
0:03:44]} 27. Bf3 {[%clk 0:11:18]} Rh8 {[%clk 0:02:51]} 28. Kg2 {[%clk 0:11:21]}
Rbb8 {[%clk 0:02:44]} 29. Rh1 {[%clk 0:11:24]} Rbg8 {[%clk 0:01:16]} 30. Rh2
{[%clk 0:11:13]} Qd6 {[%clk 0:01:06]} 31. Rbh1 {[%clk 0:11:13]} Qc7 {[%clk
0:01:00]} 32. Ng3 {[%clk 0:11:09]} Qb6 {[%clk 0:00:52]} 33. Rb1 {[%clk 0:10:08]}
Nc3 {[%clk 0:00:55]} 34. Rb2 {[%clk 0:10:04]} Na4 {[%clk 0:00:48]} 35. Rb1 {[%clk
0:10:05]} Nc3 {[%clk 0:00:51]} 36. Rb2 {[%clk 0:09:39]} Na4 {[%clk 0:00:44]} 37.
Rb1 {[%clk 0:09:24]} Nc3 {[%clk 0:00:47]} 38. Rb2 {[%clk 0:09:26]} 1/2-1/2

[Event "Campeonato de España Rapid 2017"]
[Site "Linares"]
[Date "2017.08.13"]
[Round "8"]
[White "Vazquez Igarza, Renier"]
[Black "Saric, Ivan"]
[Result "1-0"]
[Board "4"]
[WhiteTitle "GM"]
[WhiteElo "2602"]
[WhiteCountry "ESP"]
[WhiteFideId "3503054"]
[WhiteEloChange "5"]
[BlackTitle "GM"]
[BlackElo "2586"]
[BlackCountry "CRO"]
[BlackFideId "14508150"]
[BlackEloChange "-5"]

1. d4 {[%clk 0:15:09]} Nf6 {[%clk 0:15:09]} 2. c4 {[%clk 0:15:13]} g6 {[%clk
0:15:10]} 3. Nc3 {[%clk 0:15:16]} Bg7 {[%clk 0:15:14]} 4. e4 {[%clk 0:15:20]} d6
{[%clk 0:15:18]} 5. Nf3 {[%clk 0:15:24]} O-O {[%clk 0:15:22]} 6. Be2 {[%clk
0:15:28]} Na6 {[%clk 0:15:26]} 7. O-O {[%clk 0:15:30]} e5 {[%clk 0:15:29]} 8. Be3
{[%clk 0:15:34]} Qe7 {[%clk 0:15:28]} 9. dxe5 {[%clk 0:15:21]} dxe5 {[%clk
0:15:32]} 10. Nd5 {[%clk 0:15:19]} Qd8 {[%clk 0:15:36]} 11. Qc2 {[%clk 0:15:13]}
c6 {[%clk 0:15:35]} 12. Nxf6+ {[%clk 0:15:12]} Bxf6 {[%clk 0:15:05]} 13. Rfd1
{[%clk 0:14:57]} Qe7 {[%clk 0:15:09]} 14. c5 {[%clk 0:14:58]} Nc7 {[%clk
0:15:12]} 15. h3 {[%clk 0:14:21]} Ne6 {[%clk 0:15:13]} 16. Rd6 {[%clk 0:14:03]}
b6 {[%clk 0:13:04]} 17. Rad1 {[%clk 0:12:21]} bxc5 {[%clk 0:13:08]} 18. Bxc5
{[%clk 0:12:21]} Nxc5 {[%clk 0:12:59]} 19. Qxc5 {[%clk 0:12:25]} Rb8 {[%clk
0:11:11]} 20. b3 {[%clk 0:12:27]} Kg7 {[%clk 0:10:57]} 21. Rxc6 {[%clk 0:11:31]}
Bb7 {[%clk 0:09:55]} 22. Qxe7 {[%clk 0:11:32]} Bxe7 {[%clk 0:10:00]} 23. Rc7
{[%clk 0:11:08]} Bd8 {[%clk 0:10:03]} 24. Rcd7 {[%clk 0:10:51]} Bf6 {[%clk
0:09:14]} 25. Bc4 {[%clk 0:10:05]} Bxe4 {[%clk 0:09:00]} 26. Rxa7 {[%clk
0:09:55]} Ra8 {[%clk 0:08:35]} 27. Rxa8 {[%clk 0:08:45]} Bxa8 {[%clk 0:08:22]}
28. Rd7 {[%clk 0:08:47]} e4 {[%clk 0:07:55]} 29. Nd4 {[%clk 0:08:40]} Kh6 {[%clk
0:07:10]} 30. Nb5 {[%clk 0:08:19]} Bc6 {[%clk 0:06:51]} 31. Rd6 {[%clk 0:08:15]}
Bxb5 {[%clk 0:06:54]} 32. Bxb5 {[%clk 0:07:28]} Be5 {[%clk 0:06:58]} 33. Rd5
{[%clk 0:07:25]} Bc3 {[%clk 0:06:22]} 34. Rd7 {[%clk 0:06:18]} f5 {[%clk
0:06:20]} 35. Bc4 {[%clk 0:06:21]} f4 {[%clk 0:06:04]} 36. Kf1 {[%clk 0:06:21]}
e3 {[%clk 0:05:55]} 37. a4 {[%clk 0:03:25]} exf2 {[%clk 0:05:17]} 38. Kxf2 {[%clk
0:03:17]} Re8 {[%clk 0:05:10]} 39. Kf3 {[%clk 0:03:10]} g5 {[%clk 0:04:56]} 40.
Kg4 {[%clk 0:02:27]} Re3 {[%clk 0:02:57]} 41. Rd3 {[%clk 0:02:27]} Bb4 {[%clk
0:01:59]} 42. Rxe3 {[%clk 0:02:15]} fxe3 {[%clk 0:02:03]} 43. Kf5 {[%clk
0:02:07]} Ba5 {[%clk 0:00:28]} 44. Be2 {[%clk 0:02:08]} Bd2 {[%clk 0:00:23]} 45.
g4 {[%clk 0:00:54]} Be1 {[%clk 0:00:32]} 46. Ke4 {[%clk 0:00:52]} Bd2 {[%clk
0:00:23]} 47. Kd5 {[%clk 0:00:19]} Kg7 {[%clk 0:00:27]} 48. Kc5 {[%clk 0:00:20]}
Kf6 {[%clk 0:00:28]} 49. b4 {[%clk 0:00:24]} Ke7 {[%clk 0:00:12]} 50. b5 {[%clk
0:00:21]} Kd7 {[%clk 0:00:11]} 51. b6 {[%clk 0:00:25]} Kc8 {[%clk 0:00:12]} 52.
Kb5 {[%clk 0:00:29]} Kb8 {[%clk 0:00:14]} 53. a5 {[%clk 0:00:33]} 1-0